000 00264nam a22001217a 4500
008 181217b xxu||||| |||| 00| 0 eng d
041 _aeng
080 _a531
100 _a48
101 _aFIZ
245 _aModer Physics Enginnering
_cLouls,M
942 _2udc
_cBK
999 _c53156
_d53156